| 000 | 00929nam a2200253 i 4500 | ||
|---|---|---|---|
| 001 | 24270 | ||
| 003 | ES-MaACL | ||
| 005 | 20250807122131.0 | ||
| 007 | t| | ||
| 008 | 021216s1917 sp ||||1| spa d | ||
| 100 | 1 |
_aAmunategui, Miguel Luis. _921350 |
|
| 245 | 1 | 3 |
_aLa dictadura de O'Higgins / _cpor Miguel Luis Amunátegui y B. Vicuña Mackenna. |
| 260 |
_aMadrid : _b[Juan Pueyo, _c1917] |
||
| 300 |
_a400 p. ; _c23 cm. |
||
| 490 | 1 |
_aBiblioteca Ayacucho ; _v18 |
|
| 530 | _aDisponible en formato digital. | ||
| 600 | 1 | 4 |
_aO'Higgins, Bernardo- _xBiografías. _9130576 |
| 651 | 4 |
_aChile- _zHistoria- _y1810-1824, Guerra de la Independencia. _9158684 |
|
| 700 | 1 |
_aVicuña Mackenna, Benjamín, _d1831-1886 _9133677 |
|
| 830 | 0 |
_aBiblioteca Ayacucho ; _v18 _9177888 |
|
| 852 |
_aES-MaACL _jF-1751 |
||
| 856 |
_uhttp://bdh-rd.bne.es/viewer.vm?id=0000095979&page=1 _zBiblioteca Digital Hispánica |
||
| 999 |
_c24270 _d24270 |
||